|
|
|
|
| LEADER |
01901nam a2200517 4500 |
| 001 |
ocn834540982 |
| 003 |
OCoLC |
| 005 |
20170124072316.5 |
| 006 |
m o d |
| 007 |
cr cn||||||||| |
| 008 |
130220s2012 gw o 000 0 ger d |
| 040 |
|
|
|a E7B
|b eng
|e pn
|c E7B
|d OCLCQ
|d OCLCO
|d N$T
|d IDEBK
|d DG1
|d YDXCP
|d OCLCQ
|d COO
|d OCLCQ
|d DG1
|d GrThAP
|
| 019 |
|
|
|a 903259482
|
| 020 |
|
|
|a 9783433602386
|q (electronic bk.)
|
| 020 |
|
|
|a 3433602387
|q (electronic bk.)
|
| 020 |
|
|
|a 9783433602393
|q (electronic bk.)
|
| 020 |
|
|
|a 3433602395
|q (electronic bk.)
|
| 020 |
|
|
|z 9783433030134
|
| 029 |
1 |
|
|a AU@
|b 000051762833
|
| 029 |
1 |
|
|a DEBBG
|b BV041907982
|
| 029 |
1 |
|
|a NZ1
|b 15916078
|
| 035 |
|
|
|a (OCoLC)834540982
|z (OCoLC)903259482
|
| 043 |
|
|
|a e------
|
| 050 |
|
4 |
|a TA666
|b .B43 2012eb
|
| 072 |
|
7 |
|a TEC
|x 063000
|2 bisacsh
|
| 082 |
0 |
4 |
|a 624.184
|2 23
|
| 049 |
|
|
|a MAIN
|
| 100 |
1 |
|
|a Becker, Klaus Jürgen.
|
| 245 |
1 |
0 |
|a Ingenieurholzbau nach Eurocode 5 :
|b Konstruktion, Berechnung, Ausführung /
|c Klausjürgen Becker, Karl Rautenstrauch.
|
| 264 |
|
1 |
|a Berlin :
|b Ernst & Sohn,
|c 2012.
|
| 300 |
|
|
|a 1 online resource (xv, 121 pages).
|
| 336 |
|
|
|a text
|b txt
|2 rdacontent
|
| 337 |
|
|
|a computer
|b c
|2 rdamedia
|
| 338 |
|
|
|a online resource
|b cr
|2 rdacarrier
|
| 490 |
1 |
|
|a Bauingenieur-Praxis
|
| 500 |
|
|
|a Some electronic versions may be missing accompanying materials.
|
| 505 |
0 |
|
|a Einführung -- Konzepte zur Berechnung -- Nachweise-Beispiele -- Anhang.
|
| 650 |
|
0 |
|a Building, Wooden
|x Standards
|z Europe.
|
| 650 |
|
0 |
|a Structural frames
|x Design and construction
|x Standards
|z Europe.
|
| 650 |
|
0 |
|a Wood
|x Standards
|z Europe.
|
| 650 |
|
7 |
|a TECHNOLOGY & ENGINEERING
|x Structural.
|2 bisacsh
|
| 655 |
|
4 |
|a Electronic books.
|
| 700 |
1 |
|
|a Rautenstrauch, Karl.
|
| 830 |
|
0 |
|a Bauingenieur-Praxis.
|
| 856 |
4 |
0 |
|u https://doi.org/10.1002/9783433602386
|z Full Text via HEAL-Link
|
| 994 |
|
|
|a 92
|b DG1
|